DNA computing : (Record no. 18923)

MARC details
000 -LEADER
fixed length control field 01265cam a2200325 i 4500
001 - CONTROL NUMBER
control field 12775267
003 - CONTROL NUMBER IDENTIFIER
control field EG-ScBUE
005 - DATE AND TIME OF LATEST TRANSACTION
control field 20240909100606.0
008 - FIXED-LENGTH DATA ELEMENTS--GENERAL INFORMATION
fixed length control field 020515t2002 gw a f b 101 0 eng d
020 ## - INTERNATIONAL STANDARD BOOK NUMBER
International Standard Book Number 3540437754 (softcover : alk. paper)
020 ## - INTERNATIONAL STANDARD BOOK NUMBER
International Standard Book Number 9783540437758
040 ## - CATALOGING SOURCE
Original cataloging agency DLC
Language of cataloging eng
Description conventions rda
Transcribing agency DLC
Modifying agency DLC
-- EG-ScBUE
082 04 - DEWEY DECIMAL CLASSIFICATION NUMBER
Classification number 511.3
Edition number 22
Item number DNA
111 2# - MAIN ENTRY--MEETING NAME
Meeting name or jurisdiction name as entry element International Workshop on DNA-Based Computers
Number of part/section/meeting (7th :
Date of meeting 2001 :
Location of meeting Tampa, Fla.)
9 (RLIN) 37292
245 10 - TITLE STATEMENT
Title DNA computing :
Remainder of title 7th International Workshop on DNA-Based Computers, DNA 7, Tampa, FL, USA, June 10-13, 2001 : revised papers /
Statement of responsibility, etc Natasa Jonoska, Nadrian C. Seeman (eds.)
264 #1 - PUBLICATION, DISTRIBUTION, ETC. (IMPRINT)
Place of publication, distribution, etc Berlin :
Name of publisher, distributor, etc Springer,
Date of publication, distribution, etc [2002]
264 #4 - PUBLICATION, DISTRIBUTION, ETC. (IMPRINT)
Date of publication, distribution, etc c2002
300 ## - PHYSICAL DESCRIPTION
Extent xi, 392 pages :
Other physical details illustrations ;
Dimensions 24 cm.
336 ## - CONTENT TYPE
Source rdacontent
Content type term text
Content type code txt
337 ## - MEDIA TYPE
Media type term unmediated
Source rdamedia
Media type code n
338 ## - CARRIER TYPE
Carrier type term volume
Carrier type code nc
Source rdacarrier
490 0# - SERIES STATEMENT
Series statement Lecture notes in computer science ;
Volume number/sequential designation 2340
504 ## - BIBLIOGRAPHY, ETC. NOTE
Bibliography, etc Includes bibliographical references and index.<br/>
650 #7 - SUBJECT ADDED ENTRY--TOPICAL TERM
Topical term or geographic name as entry element Molecular computers
Form subdivision Congresses.
Source of heading or term BUEsh
9 (RLIN) 37293
653 ## - INDEX TERM--UNCONTROLLED
Resource For college Informatics and Computer Science
Arrived date list January2015
655 ## - INDEX TERM--GENRE/FORM
Form subdivision Reading book
9 (RLIN) 34232
700 1# - ADDED ENTRY--PERSONAL NAME
Personal name Jonoska, Nataša,
Dates associated with a name 1961-
Relator term editor.
9 (RLIN) 37294
700 1# - ADDED ENTRY--PERSONAL NAME
Personal name Seeman, Nadrian C.,
Dates associated with a name 1945-
Relator term editor.
9 (RLIN) 37295
942 ## - ADDED ENTRY ELEMENTS (KOHA)
Source of classification or shelving scheme Dewey Decimal Classification
Koha item type Book - Borrowing
Holdings
Withdrawn status Lost status Source of classification or shelving scheme Damaged status Not for loan Collection code Home library Current library Shelving location Date acquired Source of acquisition Cost, normal purchase price Serial Enumeration / chronology Total Checkouts Full call number Barcode Date last seen Cost, replacement price Price effective from Koha item type
    Dewey Decimal Classification     Baccah Central Library Central Library First floor 21/01/2015 Purchase 741.00 21291   511.3 DNA 000037346 15/07/2025 926.00 21/01/2015 Book - Borrowing
    Dewey Decimal Classification     Baccah Central Library Central Library First floor 21/01/2015 Purchase 741.00 21291   511.3 DNA 000037347 15/07/2025 926.00 21/01/2015 Book - Borrowing